| 000 | 00373pam a2200157 a 4500 | ||
|---|---|---|---|
| 020 |
_a978-184899-076-0 _c |
||
| 041 | _h | ||
| 082 | _a641.5961 | ||
| 100 |
_aCHRISTINE BAILEY _eAuthor |
||
| 245 |
_aNOURISH _cCHRISTINE BAILEY _hTextual Documents |
||
| 260 |
_aLondon _bDUNCAN BAIRD |
||
| 300 | _a160 | ||
| 653 | _aFOOD PRODUCTION | ||
| 700 | _eCo-Author | ||
| 930 | _a3489 | ||
| 999 |
_c230886 _d230886 |
||